| 000 | 00521nam a22002057a 4500 | ||
|---|---|---|---|
| 003 | Nust | ||
| 005 | 20211027103228.0 | ||
| 008 | 170111b xxu||||| |||| 00| 0 eng d | ||
| 020 | _a81-775-8479-0 | ||
| 038 | _akhadija | ||
| 040 | _cc | ||
| 082 |
_a621.3827 _bANN |
||
| 100 |
_aAnnadurai, S. _9765 |
||
| 245 |
_aFundamentals of Digital Image Processing / _cS. Annuadurai, R. Shanmugalakshmi |
||
| 260 |
_aNew Delhi _bPearson _c2008. |
||
| 300 | _a422. p: | ||
| 500 | _aPaperback. | ||
| 563 | _aPB | ||
| 942 |
_cBK _2ddc |
||
| 999 |
_c31927 _d31927 |
||